000
002680000a22000970004500
100
1
_a
Beale, G. K. (1949-)
245
1
0
_a
The interpretative problem of Rev. 1:19
300
_a
Vol. 34, Num. 4 (Octubre, 1992), Páginas 360-387
773
0
_t
Novum Testamentum
942
_c
ANA
999
_c
56834
_d
56834